| 000 | 00652nam a2200229Ia 4500 | ||
|---|---|---|---|
| 008 | 160404s9999 xx 000 0 und d | ||
| 020 | _a971-513-182-4 | ||
| 050 | _aFIL RD 753 | ||
| 050 | _b.U58 2005 c.2 | ||
| 100 | _aUntalan, Aaron "Cy" Tuesca. | ||
| 245 | _aOrthopedic and bulalo nursing / | ||
| 245 | _cAaron "Cy" Tuesca Untalan. | ||
| 260 | _aManila : | ||
| 260 | _bEducational Pub. House, | ||
| 260 | _c2005 | ||
| 300 | _a269 pages : | ||
| 300 | _bcolor illustrations. ; | ||
| 300 | _c23 cm. | ||
| 500 | _aIncludes bibliographical references. | ||
| 650 | _aOrthopedic nursing -- Philippines. | ||
| 650 | _xRehabilitation nursing. | ||
| 999 |
_c293113 _d293113 |
||